000
00264nam a2200109Ia 4500
008
200302s9999 xx 000 0 und d
100
_a
P.R.G. Mathur
245
_a
Sacred Complex Of The Guruvayur Temple
260
_b
Aryan Books
260
_c
2009
300
_a
246 P.,
999
_c
4389
_d
4389